Online Public Access Catalog -OPAC

L'art de l'Iran (Record no. 24426)

MARC details
000 -LEADER
fixed length control field 00270nam a2200097Ia 4500
008 - FIXED-LENGTH DATA ELEMENTS--GENERAL INFORMATION
fixed length control field 180412s9999||||xx |||||||||||||| ||und||
040 ## - CATALOGING SOURCE
Original cataloging agency Ahmadu Bello University Library - Zaria
100 ## - MAIN ENTRY--PERSONAL NAME
Personal name Godard, Andre
245 #0 - TITLE STATEMENT
Title L'art de l'Iran
Statement of responsibility, etc. Andre Godard
260 ## - PUBLICATION, DISTRIBUTION, ETC.
Place of publication, distribution, etc. Paris
Name of publisher, distributor, etc. Arthaud
Date of publication, distribution, etc. 1962
300 ## - PHYSICAL DESCRIPTION
Extent 168p.

No items available.

Customized by ICT Technical Service Unit on 29th Dec 2022

Kashim Ibrahim Library